Distrito de manejo integrado de los páramos y bosques altoandinos del noroccidente medio de Antioquia (Registro nro. 6926)

Detalles MARC
000 -CABECERA
Campo de control 00597nam a2200193 a 4500
005 - FECHA Y HORA DE LA ULTIMA TRANSACCION
Campo de control 20171220133205.0
008 - ELEMENTOS DE LONGITUD FIJA—INFORMACION GENERAL
Campo de control 140217b2009 ck ||||| |||| 00| 0 spa d
040 ## - FUENTE DE CATALOGACIÓN
Agencia catalogadora original CO-BoIAVH
Agencia transcriptora CO-BoIAVH
041 ## - IDIOMA
Código de idioma para texto/pista de sonido o título separado Español
044 ## - PAÍS DE PUBLICACIÓN
País de publicación Colombia
090 ## - CLASIFICACIÓN LOCAL
Colección IAVH
Consecutivo 0039
100 ## - ASIENTO PRINCIPAL--NOMBRE PERSONAL
Nombre personal Tapia, Carlos
245 ## - MENCION DE TITULO
Título Distrito de manejo integrado de los páramos y bosques altoandinos del noroccidente medio de Antioquia
260 ## - PUBLICACION, DISTRIBUCION, ETC. (PIE DE IMPRENTA)
Lugar de publicación, distribución, etc. Bogotá
Nombre del editor, distribuidor, etc. Instituto de Investigación de Recursos Biológicos Alexander von Humboldt
Fecha de publicación, distribución, etc. 2009?
300 ## - DESCRIPCION FISICA
Extensión 9 p.
662 ## - ASIENTO SECUNDARIO DE MATERIA - JERARQUIA DEL NOMBRE DE LUGAR(
Jurisdicción política de primer orden Antioquia
942 ## - ELEMENTOS ADICIONALES (KOHA)
Tipo de ítem Impreso
Sistema de clasificación Local
Koha issues (borrowed), all copies 1
945 ## - PROCESAMIENTO LOCAL
AAAA-MM-DD - Fecha de ingreso o modificacion LER
Existencias
Withdrawn status Lost status Sistema de Clasificación Damaged status No para préstamo Colección Ubicación Permanente Ubicación actual Fecha de adquisición Total Checkouts Número topográfico Inventario / Código de Barras Date last seen Ejemplar Price effective from Forma de adquisición Tipo de material Date checked out Inventariado
    Local     Humboldt Bogotá Bogotá     FH-0039 027119 04/12/2012 Ej. 1 04/12/2012   Folleto    
    Local     Humboldt Bogotá Bogotá   1 FH-0039 027120 02/10/2014 Ej. 2 04/12/2012   Folleto 02/10/2014  
    Local     Humboldt Villa de Leyva Villa de Leyva     IAVH-01339 027121 04/12/2012 Ej. 1 04/12/2012 Institucional Folleto   Inventariado 2017
    Local     Humboldt Villa de Leyva Villa de Leyva     IAVH-01339 027122 04/12/2012 Ej. 2 04/12/2012 Institucional Folleto   Inventariado 2017